00410nam a2200181Ia 4500003000900000008004100009040001300050040001300063041000800076100002000084245003900104250000900143260004000152260000900192300001100201300001000212490000600222IT-RoPAU120407s9999 xx 000 0 und d aIT-RoPAU cIT-RoPAU aita aEnnio Innocenti aCritica alla psicanalisi. 3a ed. aRoma aSacra Fraternitas Aurigarum in Urbe c1988 a179 p. c24 cm v1